000 01047nam a2200265 a 4500
001 000034950
005 20200930074015.0
008 111021s1984 sp ac 000 0 spa d
020 _a848550156x
040 _aDO-SdBNP
_bspa
_cBNPHU
082 _a914.404
_bD884a, 1984
100 1 _aDunlop, Carol,
_d1946-1982
_960536
245 1 4 _aLos autonautas de la cosmopista, o, Un viaje atemporal París-Marsella /
_cCarol Dunlop, Julio Cortázar ; dibujos Stéphane Hébert.
246 1 3 _aUn viaje atemporal París-Marsella
250 _a2a ed.
260 _aBarcelona :
_bMuchnik Editores,
_c1984.
300 _a307 p.
_ail., retrs. ;
_c21 cm.
590 _aPerteneció a la biblioteca personal de Juan Isidro Jimenes Grullón.
600 1 4 _aDUNLOP, CAROL,
_d1946-1982
_xRELATOS PERSONALES
_960537
600 1 4 _aCORTÁZAR, JULIO,
_d1914-1984
_xRELATOS PERSONALES
_960538
651 4 _aFrancia
_xDescripciones Y Viajes
_960539
700 1 2 _aCortázar, Julio
_922782
700 1 2 _aHébert, Stéphane
_960540
910 _aValidado. Control de calidad BNPHU
999 _c34441
_d34441